000
00263nam a2200109Ia 4500
008
200302s9999 xx 000 0 und d
100
_a
Joseph W. Molitor
245
_a
Architectural Photo Graphy
260
_b
John Wiley & Sons Inc.
260
_c
1976
300
_a
164 P.,
999
_c
68
_d
68